Kvalita produktu v službách

Gespeichert in:
Bibliographische Detailangaben
1. Verfasser: Karkalíková, Marta
Körperschaft: Ekonomická univerzita v Bratislave. Obchodná fakulta
Weitere Verfasser: Kollár, Vojtech, Mathiasová, Anna
Format: Buch
Sprache:Slowakisch
Veröffentlicht: Bratislava Vydavateľstvo EKONÓM 2007
Schlagworte:
Tags: Tag hinzufügen
Keine Tags, Fügen Sie das erste Tag hinzu!

MARC

LEADER 00000nam$a2200000$$$4500
001 0071119
005 20240502071842.8
020 |a 978-80-225-2454-4 
041 0 |a slo 
044 |a SK 
245 1 0 |a Kvalita produktu v službách  |c Marta Karkalíková 
264 1 |a Bratislava  |b Vydavateľstvo EKONÓM  |c 2007 
300 |a 178 s. 
610 2 0 |a služby 
610 2 0 |a kvalita tovaru 
610 2 0 |a manažment 
100 1 |a Karkalíková, Marta 
700 1 |a Kollár, Vojtech 
700 1 |a Mathiasová, Anna 
710 2 |a Ekonomická univerzita v Bratislave. Obchodná fakulta